Protected area management (Record no. 9741)
[ view plain ]
| 000 -LEADER | |
|---|---|
| fixed length control field | 00231nam a22001217a 4500 |
| 040 ## - CATALOGING SOURCE | |
| Transcribing agency | SY |
| 082 ## - DEWEY DECIMAL CLASSIFICATION NUMBER | |
| Classification number | 333 |
| 100 ## - MAIN ENTRY--AUTHOR NAME | |
| Personal name | OU CHOULY |
| 245 ## - TITLE STATEMENT | |
| Title | Protected area management |
| 260 ## - PUBLICATION, DISTRIBUTION, ETC. (IMPRINT) | |
| Place of publication | RUA |
| Name of publisher | OU |
| Year of publication | 2007 |
| 300 ## - PHYSICAL DESCRIPTION | |
| Number of Pages | 62p. |
| 942 ## - ADDED ENTRY ELEMENTS (KOHA) | |
| Koha item type | សៀវភៅភាសាអង់គ្លេស |
| 952 ## - LOCATION AND ITEM INFORMATION (KOHA) | |
| Withdrawn status [LOCAL, KOHA] | 0 |
| 952 ## - LOCATION AND ITEM INFORMATION (KOHA) | |
| Withdrawn status [LOCAL, KOHA] | 0 |
| Permanent Location | Date acquired | Koha item type | Lost status | Shelving location | Barcode | Current Location | Full call number |
|---|---|---|---|---|---|---|---|
| Library Block C | 2016-09-08 | សៀវភៅភាសាអង់គ្លេស | C236 | RUA045189 | Library Block C | 333 OU 2007 C236 | |
| Library Block C | 2016-09-08 | សៀវភៅភាសាអង់គ្លេស | C236 | RUA045026 | Library Block C | 333 OU 2007 C236 |